[Event "Gibraltar Masters"]
[Site "Caleta ENG"]
[Date "2011.01.29"]
[Round "5.36"]
[White "Bellaiche, Anthony"]
[Black "Lochte, Thomas"]
[Result "1-0"]
[WhiteTitle "IM"]
[WhiteElo "2458"]
[BlackElo "2173"]
[WhiteFideId "615668"]
[BlackFideId "4606272"]
[EventDate "2011.01.25"]
[EventType "swiss"]

1. e4 e5 2. Nf3 Nc6 3. Bb5 a6 4. Ba4 Nf6 5. O-O Be7 6. Re1 b5 7. Bb3 O-O 8. a4
b4 9. d3 d6 10. Nbd2 Na5 11. Ba2 c5 12. c3 Rb8 13. d4 Qc7 14. Nf1 b3 15. Bb1 c4
16. Ne3 g6 17. h3 Bb7 18. d5 Bc8 19. Nh2 Re8 20. Qf3 Qd8 21. Nhf1 Nh5 22. Nd2
Bg5 23. Ndxc4 Nxc4 24. Nxc4 Bxc1 25. Rxc1 Qg5 26. Bd3 Nf4 27. Kh2 Rd8 28. Bf1 f5
29. Qg3 Qh6 30. exf5 Bxf5 31. Ne3 Bc8 32. Ng4 Qg5 33. Re1 Nxd5 34. Rad1 Be6 35.
Bxa6 Nc7 36. Be2 Ra8 37. Bf3 Rxa4 38. Nxe5 Qxg3+ 39. Kxg3 Ra2 40. Nc6 Re8 41.
Rd2 Bc4 42. Rxe8+ Nxe8 43. Nb4 Nf6 44. Rxd6 Rxb2 45. Rxf6 Rd2 46. Rb6 b2 47. Be4
Rd1 48. Nc6 Rd2 49. Nd4 1-0

[Event "Gibraltar Masters"]
[Site "Caleta ENG"]
[Date "2011.01.29"]
[Round "5.37"]
[White "Itkis, Hana"]
[Black "Melia, Salome"]
[Result "0-1"]
[WhiteTitle "WFM"]
[BlackTitle "IM"]
[WhiteElo "2084"]
[BlackElo "2449"]
[WhiteFideId "2020190"]
[BlackFideId "13602446"]
[EventDate "2011.01.25"]
[EventType "swiss"]

1. c4 e6 2. g3 d5 3. Bg2 Nf6 4. Nf3 Be7 5. d4 O-O 6. Qc2 dxc4 7. Qxc4 a6 8. Qc2
b5 9. a4 Bb7 10. O-O Nc6 11. Na3 Nxd4 12. Nxd4 Bxg2 13. Nxe6 fxe6 14. Kxg2 c5
15. Bf4 c4 16. Kg1 Qd5 17. Rfd1 Qh5 18. h4 Nd5 19. e3 Bf6 20. axb5 axb5 21. Bd6
Rfd8 22. Nxb5 Nxe3 23. fxe3 Rxa1 24. Rxa1 Qxb5 25. Ba3 Qe5 26. Qf2 c3 27. bxc3
Qxc3 28. Ra2 Ra8 29. Bd6 Rxa2 30. Qxa2 Qxe3+ 31. Kh2 Qe4 32. Qd2 h6 33. Bf4 Bd4
34. Qd1 e5 35. Bc1 Kh7 36. Qd2 Qf3 37. Bb2 Bxb2 38. Qxb2 e4 39. Qd4 Qd3 40. Qe5
e3 41. Kh3 Qf1+ 42. Kg4 e2 43. Qe4+ g6 44. Qb7+ Kg8 45. Qc8+ Qf8 46. Qc4+ Qf7 0-1

[Event "Gibraltar Masters"]
[Site "Caleta ENG"]
[Date "2011.01.29"]
[Round "5.38"]
[White "Vernay, Clovis"]
[Black "Fomani, Medhi"]
[Result "1-0"]
[WhiteTitle "IM"]
[WhiteElo "2446"]
[BlackElo "2013"]
[WhiteFideId "633046"]
[BlackFideId "2259435"]
[EventDate "2011.01.25"]
[EventType "swiss"]

1. d4 Nf6 2. c4 e6 3. Nc3 c5 4. d5 exd5 5. cxd5 d6 6. e4 g6 7. f3 Bg7 8. Bg5 a6
9. a4 h6 10. Be3 O-O 11. Qd2 Kh7 12. Nge2 Nbd7 13. Ng3 Qc7 14. Be2 Rb8 15. O-O
b6 16. b3 Bb7 17. Rac1 Rbe8 18. Kh1 Qd8 19. Rfe1 Bc8 20. h3 Ng8 21. Bf2 Ne7 22.
f4 f5 23. exf5 Nxf5 24. Nxf5 gxf5 25. Bd3 Rxe1+ 26. Rxe1 Qf6 27. Ne2 Re8 28. Ng3
Rxe1+ 29. Qxe1 Nf8 30. Qb1 Kg6 31. Kh2 h5 32. Qd1 h4 33. Qh5# 1-0

[Event "Gibraltar Masters"]
[Site "Caleta ENG"]
[Date "2011.01.29"]
[Round "5.39"]
[White "Hauge, Lars Oskar"]
[Black "Battaglini, Gabriel"]
[Result "0-1"]
[BlackTitle "IM"]
[WhiteElo "1942"]
[BlackElo "2437"]
[WhiteFideId "1509276"]
[BlackFideId "621650"]
[EventDate "2011.01.25"]
[EventType "swiss"]

1. e4 e6 2. d4 d5 3. Nd2 c5 4. exd5 exd5 5. Ngf3 Nf6 6. Bb5+ Bd7 7. Bxd7+ Nbxd7
8. O-O Be7 9. dxc5 Nxc5 10. Nb3 Nce4 11. Nbd4 O-O 12. h3 a6 13. Be3 Bd6 14. c3
Re8 15. Qb3 Qd7 16. Rad1 b5 17. Rfe1 Rab8 18. a3 a5 19. Ng5 Nc5 20. Qc2 h6 21.
Ngf3 Nce4 22. Qd3 Rec8 23. Rc1 Bc7 24. Red1 Rd8 25. Ne2 g5 26. Nfd4 Ne8 27. f4
Ng7 28. fxg5 hxg5 29. Rf1 f5 30. Nf3 f4 31. Bd4 Nf5 32. Ne5 Qe6 33. Ng4 Re8 34.
Rce1 Rf8 35. Nc1 Qc6 36. Nb3 Rbe8 37. Nd2 Re6 38. Nf3 Nfg3 39. Bf2 Bb6 40. Bxb6
Qxb6+ 41. Nd4 Nxf1 42. Kxf1 Ng3+ 43. Kf2 Rxe1 44. Kxe1 Re8+ 45. Kd1 Ne4 46. Kc2
b4 47. axb4 axb4 48. cxb4 Rc8+ 49. Kd1 Rc4 50. Nf5 Qg1+ 51. Ke2 Qxg2+ 52. Kd1
Qxg4+ 0-1

[Event "Gibraltar Masters"]
[Site "Caleta ENG"]
[Date "2011.01.29"]
[Round "5.40"]
[White "Vaibhav, Suri"]
[Black "Seyfried, Claus"]
[Result "1-0"]
[WhiteTitle "IM"]
[WhiteElo "2421"]
[BlackElo "2173"]
[WhiteFideId "5045185"]
[BlackFideId "1271085"]
[EventDate "2011.01.25"]
[EventType "swiss"]

1. e4 e6 2. d4 d5 3. Nd2 dxe4 4. Nxe4 Nd7 5. Bd3 Ngf6 6. Qe2 Nxe4 7. Bxe4 Be7 8.
Nf3 c5 9. O-O O-O 10. Rd1 Qc7 11. c3 Nf6 12. Bg5 Nxe4 13. Qxe4 h6 14. Bxe7 Qxe7
15. dxc5 Qxc5 16. Rd4 Qf5 17. Qe3 f6 18. Rad1 e5 19. Rd6 Be6 20. b3 Rfe8 21. c4
b6 22. h3 Re7 23. R1d2 Rc8 24. Kh2 e4 25. Nd4 Qe5+ 26. Qg3 Qxg3+ 27. Kxg3 Rce8
28. Nc6 Rc7 29. Rd8 Kf7 30. Rxe8 Kxe8 31. Rd8+ Kf7 32. Nd4 g5 33. Nb5 Re7 34.
Ra8 f5 35. Kh2 Kf6 36. Rxa7 Rxa7 37. Nxa7 Bd7 38. Nb5 Bxb5 39. cxb5 Ke5 40. a4
Kd5 41. Kg1 h5 42. g3 f4 43. gxf4 gxf4 44. Kf1 h4 45. Ke2 Kc5 46. Kd2 Kb4 47.
Kc2 Kc5 48. Kc3 Kd5 49. b4 1-0

[Event "Gibraltar Masters"]
[Site "Caleta ENG"]
[Date "2011.01.29"]
[Round "5.41"]
[White "Groffen, Hans"]
[Black "Lacrosse, Marc"]
[Result "0-1"]
[BlackTitle "FM"]
[WhiteElo "2169"]
[BlackElo "2181"]
[WhiteFideId "1004140"]
[BlackFideId "200921"]
[EventDate "2011.01.25"]
[EventType "swiss"]

1. d4 d5 2. c4 e6 3. Nc3 Nf6 4. Bg5 c6 5. Nf3 Nbd7 6. cxd5 exd5 7. e3 Be7 8. Bd3
O-O 9. Qc2 Re8 10. O-O Nf8 11. h3 g6 12. Rab1 Ne6 13. Bxf6 Bxf6 14. b4 a6 15. a4
Qd6 16. Rfc1 Bd7 17. a5 Re7 18. Na4 Rae8 19. Nc5 Bc8 20. Re1 Bg7 21. Nxe6 Rxe6
22. Qc5 Qd8 23. Re2 Bf8 24. Qc3 Bd6 25. Nd2 Qh4 26. Nb3 R6e7 27. Kf1 Bg4 28. Nc5
Bxe2+ 29. Bxe2 f5 30. Bf3 f4 31. Re1 fxe3 32. Rxe3 Rxe3 33. fxe3 Qe7 34. Kf2
Qh4+ 35. Kf1 Qe7 36. Kf2 Rf8 37. Qd3 Qh4+ 38. Ke2 Qe7 39. Kf2 Kg7 40. Ke2 Rf7
41. Kd2 Qe8 42. Ke2 Kg8 43. Kf2 Bf8 44. Ke2 Bd6 45. Kf2 Re7 46. e4 Bxc5 0-1

[Event "Gibraltar Masters"]
[Site "Caleta ENG"]
[Date "2011.01.29"]
[Round "5.42"]
[White "Zygouris, Hristos"]
[Black "Jones, Gawain C B"]
[Result "0-1"]
[BlackTitle "GM"]
[WhiteElo "2215"]
[BlackElo "2593"]
[WhiteFideId "4200292"]
[BlackFideId "409561"]
[EventDate "2011.01.25"]
[EventType "swiss"]

1. e4 c6 2. d3 d5 3. Nd2 e5 4. Ngf3 Bd6 5. g3 Nf6 6. Bg2 O-O 7. O-O Nbd7 8. Re1
Re8 9. b3 a5 10. a4 Bb4 11. Bb2 d4 12. Rf1 b5 13. Bh3 Rb8 14. Ra2 bxa4 15. bxa4
c5 16. Nh4 Ba6 17. Nf5 c4 18. Nxc4 Bxc4 19. dxc4 g6 20. Nh6+ Kg7 21. Ng4 Nxe4
22. f4 f5 23. fxe5 Nc3 24. Bxc3 Bxc3 25. Nf6 Nxf6 26. exf6+ Qxf6 27. Bg2 Re3 28.
Ra3 Qd6 29. Rb3 Rxb3 30. cxb3 d3 31. Bd5 Rxg3+ 32. Kh1 Rh3 33. Rf2 Qe5 34. Qf1
Re3 35. Kg2 Qd4 36. Bf3 Re1 0-1

[Event "Gibraltar Masters"]
[Site "Caleta ENG"]
[Date "2011.01.29"]
[Round "5.43"]
[White "Vea, Odin Blikra"]
[Black "Le Roux, Jean-Pierre"]
[Result "0-1"]
[BlackTitle "GM"]
[WhiteElo "2214"]
[BlackElo "2551"]
[WhiteFideId "1503685"]
[BlackFideId "609404"]
[EventDate "2011.01.25"]
[EventType "swiss"]

1. e4 c6 2. c4 d5 3. exd5 cxd5 4. cxd5 Nf6 5. Nc3 Nxd5 6. Bc4 e6 7. Nf3 Be7 8.
O-O O-O 9. d4 Nc6 10. Re1 Nxc3 11. bxc3 Bd7 12. Qe2 Re8 13. Bf4 Qa5 14. Rab1 b6
15. Rb5 Qxc3 16. Rb3 Qa5 17. Rb5 Qa3 18. Rb3 Qa4 19. Ba6 Nb4 20. Bb7 Bb5 21. Qd2
Rad8 22. Reb1 a5 23. a3 Bc6 24. Bxc6 Nxc6 25. Bc7 Nxd4 26. Nxd4 Rxd4 27. Qe2 Rc8
28. Rc3 Qd7 0-1

[Event "Gibraltar Masters"]
[Site "Caleta ENG"]
[Date "2011.01.29"]
[Round "5.45"]
[White "Lasinskas, Povilas"]
[Black "Gaponenko, Inna"]
[Result "0-1"]
[WhiteTitle "FM"]
[BlackTitle "IM"]
[WhiteElo "2164"]
[BlackElo "2466"]
[WhiteFideId "12800503"]
[BlackFideId "14101181"]
[EventDate "2011.01.25"]
[EventType "swiss"]

1. e4 c5 2. Nf3 Nc6 3. c3 Nf6 4. d3 d6 5. Nbd2 g6 6. g3 Bg7 7. Bg2 O-O 8. O-O e5
9. a4 h6 10. Nc4 Be6 11. Qe2 a6 12. h3 Rb8 13. Ne1 b5 14. Ne3 d5 15. Ng4 Nxg4
16. hxg4 Qd7 17. axb5 axb5 18. g5 hxg5 19. Bxg5 d4 20. f4 exf4 21. Bxf4 dxc3 0-1

[Event "Gibraltar Masters"]
[Site "Caleta ENG"]
[Date "2011.01.29"]
[Round "5.46"]
[White "Fernandez Romero, Ernesto"]
[Black "Daoudi, Kamal"]
[Result "1-0"]
[WhiteTitle "IM"]
[WhiteElo "2453"]
[BlackElo "2155"]
[WhiteFideId "2214679"]
[BlackFideId "9001069"]
[EventDate "2011.01.25"]
[EventType "swiss"]

1. d4 Nf6 2. Nf3 e6 3. c3 c5 4. Bg5 Qb6 5. Nbd2 Qxb2 6. Nc4 Qb5 7. e4 Qc6 8. d5
exd5 9. exd5 Qxd5 10. Bd3 d6 11. O-O Be6 12. Qa4+ Qc6 13. Nxd6+ Kd8 14. Bb5 Qc7
15. Ne8 Qe7 16. Rad1+ Kc8 17. Bf4 Nc6 18. Bxc6 bxc6 19. Nd6+ 1-0

[Event "Gibraltar Masters"]
[Site "Caleta ENG"]
[Date "2011.01.29"]
[Round "5.47"]
[White "Daumen, Michael"]
[Black "Zhukova, Natalia"]
[Result "0-1"]
[BlackTitle "GM"]
[WhiteElo "2130"]
[BlackElo "2441"]
[WhiteFideId "4672283"]
[BlackFideId "14101513"]
[EventDate "2011.01.25"]
[EventType "swiss"]

1. d4 Nf6 2. Nf3 c5 3. e3 g6 4. Bd3 Bg7 5. O-O O-O 6. Nbd2 d5 7. c3 Nbd7 8. Qe2
Qc7 9. e4 cxd4 10. cxd4 dxe4 11. Nxe4 Nxe4 12. Qxe4 Nf6 13. Qe5 Qd8 14. Be3 Ng4
15. Qb5 a6 16. Qb3 Be6 17. Bc4 Bxc4 18. Qxc4 Qb6 19. Qe2 Nxe3 20. Qxe3 e6 21. b3
Rfd8 22. Rfd1 Rd5 23. Rd2 Rc8 24. Rad1 Qa5 25. h4 h6 26. g3 Rc3 27. Qe4 Qd8 28.
Nh2 e5 29. Rd3 Rxd3 30. Rxd3 Rxd4 31. Rxd4 exd4 32. Qd3 Qa5 33. a4 Qc3 34. Qd1
d3 35. Nf1 Bd4 36. Qd2 Qxb3 37. Qxh6 Qc2 38. Qd2 Bc3 39. Qg5 d2 40. Ne3 d1=Q+ 0-1

[Event "Gibraltar Masters"]
[Site "Caleta ENG"]
[Date "2011.01.29"]
[Round "5.48"]
[White "Vinas Guerrero, Carlos A."]
[Black "Mullon, Jean-Baptiste"]
[Result "1/2-1/2"]
[BlackTitle "IM"]
[WhiteElo "2121"]
[BlackElo "2420"]
[WhiteFideId "2216868"]
[BlackFideId "613606"]
[EventDate "2011.01.25"]
[EventType "swiss"]

1. e4 e6 2. d4 d5 3. Bd3 dxe4 4. Bxe4 Nf6 5. Bd3 c5 6. dxc5 Bxc5 7. Nf3 O-O 8.
O-O Nc6 9. Qe2 h6 10. c3 Qc7 11. b4 Bd6 12. Na3 a6 13. Nc4 Be7 14. Bd2 Rd8 15.
a4 b6 16. b5 Na5 17. Nxa5 bxa5 18. c4 Bb7 19. Rfd1 Ng4 20. Be4 Bc5 21. Be1 Bxe4
22. Qxe4 Nf6 23. Qe2 axb5 24. Rxd8+ Qxd8 25. cxb5 Nd5 26. Bd2 Qf6 27. Rc1 Bb4
28. Qc4 Qb2 29. Qc6 Rd8 30. Qc2 Qxc2 31. Rxc2 Nb6 32. Kf1 Nxa4 33. Ra2 Nb6 34.
Bxb4 axb4 35. Rb2 Nd5 36. Nd4 Rb8 37. f4 f6 38. Nxe6 Rxb5 39. Nd4 Rc5 40. g3 h5
41. Kf2 Rc4 42. Nc2 h4 43. Ne3 Nxe3 44. Kxe3 f5 45. Ra2 h3 46. Ra8+ Kh7 47. Rb8
Rc3+ 48. Kd4 Rxg3 49. Ke5 Rb3 50. Kxf5 Rb1 51. Kg4 b3 52. Kxh3 Kg6 53. Kg4 b2
54. Rb6+ Kf7 55. Rb7+ Ke6 56. Rb6+ Kd5 57. Kf5 g6+ 58. Kf6 Ke4 59. Rb4+ Kf3 60.
h3 Kg3 61. h4 Kf3 62. Kg7 Ke3 63. Kf6 Kd3 64. Rb8 Kd4 65. Rb4+ Kd3 66. Rb8 Kc3
67. Rc8+ Kd2 68. Rb8 Kd3 69. Rb7 Kc4 70. Rb6 Kc3 71. Kg7 Kd3 72. Rb8 Ke4 73.
Rb4+ Kf5 74. Kh6 Kf6 75. Rb6+ Kf7 76. Rb5 Ke6 77. Kg7 Kd6 78. Kf6 Kc6 79. Rb8
Kd5 80. Rb7 Kd4 81. Rb5 Kd3 82. Rb7 Kc3 83. Rc7+ Kd2 84. Rb7 Ke3 1/2-1/2

[Event "Gibraltar Masters"]
[Site "Caleta ENG"]
[Date "2011.01.29"]
[Round "5.49"]
[White "Nezad, Husein Aziz"]
[Black "Kandic, Milan"]
[Result "1-0"]
[WhiteTitle "IM"]
[WhiteElo "2420"]
[BlackElo "2143"]
[WhiteFideId "12100293"]
[BlackFideId "926752"]
[EventDate "2011.01.25"]
[EventType "swiss"]

1. e4 d6 2. d4 e5 3. Nf3 Nd7 4. Bc4 c6 5. O-O Be7 6. Re1 Ngf6 7. Nc3 O-O 8. a4
a5 9. h3 Qc7 10. Ba2 Re8 11. Be3 Nf8 12. Qd3 Ne6 13. Rad1 Bf8 14. d5 Nd8 15. Nd2
Bd7 16. Nc4 c5 17. f4 exf4 18. Bxf4 Bxa4 19. Nxa4 b5 20. Ncb6 bxa4 21. Nxa8 Qb7
22. Bc4 Qxa8 23. Bb5 Re7 24. Bxd6 1-0

[Event "Gibraltar Masters"]
[Site "Caleta ENG"]
[Date "2011.01.29"]
[Round "5.50"]
[White "Collier, David O"]
[Black "Slavin, Alexei"]
[Result "0-1"]
[BlackTitle "IM"]
[WhiteElo "2108"]
[BlackElo "2417"]
[WhiteFideId "406422"]
[BlackFideId "24104388"]
[EventDate "2011.01.25"]
[EventType "swiss"]

1. d4 Nf6 2. c4 e6 3. Nf3 d5 4. Nc3 Bb4 5. e3 c5 6. a3 Bxc3+ 7. bxc3 O-O 8. Bd3
Qc7 9. Qc2 dxc4 10. Bxc4 b6 11. O-O cxd4 12. cxd4 Ba6 13. Bd3 Qxc2 14. Bxc2 Bxf1
15. Kxf1 Nc6 16. Bb2 Na5 17. Nd2 Rfc8 18. Bd3 b5 19. Bc1 Rab8 20. e4 Ne8 21. Rb1
Nd6 22. e5 Ndc4 23. Nf3 a6 24. Ke2 h6 25. Ne1 Nb6 26. Bd2 Nac4 27. Bb4 Nd5 28.
Ra1 a5 29. Bxc4 Rxc4 30. Bd6 Rbc8 31. Bc5 Nc3+ 32. Kd3 Na4 33. Bd6 Rc1 34. Rxc1
Rxc1 35. Nc2 Rd1+ 36. Ke3 Nc3 37. h4 h5 38. g3 Kh7 39. Bc5 Kg6 40. Bf8 Nd5+ 0-1

[Event "Gibraltar Masters"]
[Site "Caleta ENG"]
[Date "2011.01.29"]
[Round "5.51"]
[White "Havik, Victor"]
[Black "Boskovic, Drasko"]
[Result "0-1"]
[BlackTitle "IM"]
[WhiteElo "2107"]
[BlackElo "2418"]
[WhiteFideId "1506757"]
[BlackFideId "927368"]
[EventDate "2011.01.25"]
[EventType "swiss"]

1. d4 e6 2. c4 b6 3. Nc3 Bb4 4. e4 Bb7 5. Bd3 Ne7 6. Ne2 f5 7. O-O O-O 8. f3 Ng6
9. a3 Be7 10. b3 Nc6 11. Qc2 Nh4 12. Be3 Qe8 13. e5 d6 14. exd6 Bxd6 15. Nb5 e5
16. Bg5 Nxg2 17. Kxg2 Qg6 18. c5 Qxg5+ 19. Kh1 bxc5 20. dxc5 Be7 21. Nxc7 e4 22.
Bc4+ Kh8 23. f4 Qg4 24. b4 Rad8 25. b5 e3 26. Bd5 Rxd5 0-1

[Event "Gibraltar Masters"]
[Site "Caleta ENG"]
[Date "2011.01.29"]
[Round "5.52"]
[White "Andersen, Mads"]
[Black "Tozer, Philip A A"]
[Result "1-0"]
[WhiteTitle "FM"]
[WhiteElo "2410"]
[BlackElo "2140"]
[WhiteFideId "1413864"]
[BlackFideId "419982"]
[EventDate "2011.01.25"]
[EventType "swiss"]

1. d4 e6 2. c4 f5 3. g3 Nf6 4. Bg2 c6 5. Nf3 d5 6. O-O Bd6 7. Qc2 O-O 8. Nc3 Qe8
9. Rb1 b5 10. b3 Bb7 11. Bf4 Bxf4 12. gxf4 Ne4 13. Ne5 Nxc3 14. Qxc3 Nd7 15. Nd3
Rc8 16. cxb5 cxb5 17. Qb4 Rc2 18. Rb2 Rxb2 19. Nxb2 Nb8 20. e3 Qc8 21. Nd3 Nc6
22. Qc5 Rf7 23. Rc1 Rc7 24. Qd6 Ba8 25. Ne5 Bb7 26. a4 a6 27. axb5 axb5 28. Bf1
Nxe5 29. Rxc7 Nf3+ 30. Kh1 1-0

[Event "Gibraltar Masters"]
[Site "Caleta ENG"]
[Date "2011.01.29"]
[Round "5.53"]
[White "Navarrete Espi, Samuel"]
[Black "Wohl, Aleksandar H."]
[Result "0-1"]
[BlackTitle "IM"]
[WhiteElo "2095"]
[BlackElo "2409"]
[WhiteFideId "2237725"]
[BlackFideId "3200345"]
[EventDate "2011.01.25"]
[EventType "swiss"]

1. e4 g6 2. d4 Bg7 3. Nc3 a6 4. f4 d5 5. exd5 Nf6 6. Bc4 b5 7. Bb3 Bb7 8. Nf3
Nxd5 9. Nxd5 Bxd5 10. Bxd5 Qxd5 11. O-O c5 12. Be3 Nc6 13. dxc5 Qxd1 14. Rfxd1
Bxb2 15. Rab1 Bg7 16. c4 b4 17. Nd4 Bxd4 18. Bxd4 O-O 19. Kf2 Rfd8 20. Ke3 f5
21. Be5 Rxd1 22. Rxd1 Kf7 23. Rd7 Ra7 24. Rxa7 Nxa7 25. Kd4 Ke6 26. c6 Nxc6+ 27.
Kc5 Kd7 28. Kb6 g5 29. g3 Nxe5 30. fxe5 Kc8 31. Kc5 a5 32. Kd4 e6 0-1

[Event "Gibraltar Masters"]
[Site "Caleta ENG"]
[Date "2011.01.29"]
[Round "5.54"]
[White "Montabord, Manuel"]
[Black "Bellin, Robert"]
[Result "0-1"]
[BlackTitle "IM"]
[WhiteElo "2063"]
[BlackElo "2367"]
[WhiteFideId "614386"]
[BlackFideId "400343"]
[EventDate "2011.01.25"]
[EventType "swiss"]

1. e4 c5 2. Nc3 a6 3. Nf3 e6 4. d4 cxd4 5. Nxd4 Qc7 6. Be2 b5 7. O-O Bb7 8. Bf3
Nc6 9. Nxc6 dxc6 10. Re1 e5 11. Be3 Nf6 12. a4 Bb4 13. Bg5 Be7 14. Qe2 O-O 15.
Nd1 h6 16. Bd2 Nd7 17. Ne3 Rfd8 18. Nf5 Bf8 19. b3 Kh7 20. Red1 g6 21. Ne3 Nc5
22. Ng4 Ne6 23. Bc3 Bg7 24. Rxd8 Rxd8 25. Qe1 Qb8 26. Ba5 Re8 27. c3 h5 28. Ne3
Ng5 29. Qe2 Bc8 30. Bxh5 Be6 31. axb5 cxb5 32. c4 gxh5 33. Qxh5+ Bh6 34. h4 Rg8
35. hxg5 Rxg5 36. Qf3 0-1

[Event "Gibraltar Masters"]
[Site "Caleta ENG"]
[Date "2011.01.29"]
[Round "5.55"]
[White "Cummings, David H."]
[Black "Lipecki, Alexander"]
[Result "1-0"]
[WhiteTitle "IM"]
[WhiteElo "2366"]
[BlackElo "2126"]
[WhiteFideId "2603578"]
[BlackFideId "1303511"]
[EventDate "2011.01.25"]
[EventType "swiss"]

1. c4 e5 2. g3 Nc6 3. Nc3 Nf6 4. Bg2 Bb4 5. Nd5 a5 6. a3 Bc5 7. d3 O-O 8. Nf3
Nxd5 9. cxd5 Nd4 10. Nd2 d6 11. e3 Nf5 12. Ne4 Bb6 13. O-O Ne7 14. Nc3 Bd7 15.
Bd2 c6 16. Rc1 Rb8 17. Qb3 Kh8 18. Kh1 f5 19. f4 exf4 20. Rxf4 Ng6 21. Rff1 c5
22. Ne2 a4 23. Qc2 Ba5 24. Nf4 Nxf4 25. gxf4 Bxd2 26. Qxd2 b5 27. e4 b4 28. e5
bxa3 29. bxa3 Rb3 30. d4 c4 31. Rf3 Bb5 32. Rfc3 Qa5 33. Qe1 Qa7 34. Qd2 Qa8 35.
Rg3 Rc8 36. e6 Ba6 37. Qa5 c3 38. Qxa4 Qb7 39. e7 Rb5 40. Rgxc3 Re8 41. Rc7 Qb6
42. R7c6 Rb1 43. Rxb6 Rxc1+ 44. Bf1 Bxf1 45. Qxe8# 1-0

[Event "Gibraltar Masters"]
[Site "Caleta ENG"]
[Date "2011.01.29"]
[Round "5.56"]
[White "Karavade, Eesha"]
[Black "Wheldon, Philip"]
[Result "1/2-1/2"]
[WhiteTitle "IM"]
[WhiteElo "2353"]
[BlackElo "2106"]
[WhiteFideId "5012600"]
[BlackFideId "407402"]
[EventDate "2011.01.25"]
[EventType "swiss"]

1. d4 d5 2. c4 dxc4 3. Nf3 Nf6 4. e3 e6 5. Bxc4 c5 6. O-O a6 7. Bb3 Nc6 8. Nc3
Bd6 9. dxc5 Bxc5 10. Qxd8+ Nxd8 11. Bd2 b5 12. Rfc1 Bb6 13. a4 b4 14. Ne2 a5 15.
Ned4 Ne4 16. Be1 Bb7 17. Ne5 Nc5 18. Bc4 Ba6 19. Bxa6 Rxa6 20. Nc4 Nd3 21. Rd1
Nxe1 22. Rxe1 Bxd4 23. exd4 O-O 24. Rad1 Nb7 25. Re5 f6 26. Rb5 Nd6 27. Nxd6
Rxd6 28. Rxa5 Rc8 29. g3 Rc2 30. b3 Rc3 31. Rb1 1/2-1/2

[Event "Gibraltar Masters"]
[Site "Caleta ENG"]
[Date "2011.01.29"]
[Round "5.57"]
[White "Illner, Achim, Dr."]
[Black "Suez-Panama, Gilles"]
[Result "1-0"]
[WhiteTitle "FM"]
[WhiteElo "2345"]
[BlackElo "2096"]
[WhiteFideId "4615840"]
[BlackFideId "620165"]
[EventDate "2011.01.25"]
[EventType "swiss"]

1. e4 e6 2. d4 d5 3. Nd2 Nf6 4. e5 Nfd7 5. Bd3 c5 6. c3 Nc6 7. Ne2 cxd4 8. cxd4
f6 9. Nf4 Nxd4 10. Qh5+ Ke7 11. exf6+ Nxf6 12. Ng6+ hxg6 13. Qxh8 Kf7 14. Qh4 e5
15. Nf3 Nxf3+ 16. gxf3 Bf5 17. Bxf5 gxf5 18. Bg5 Qa5+ 19. Kf1 g6 20. Qh8 Qa6+
21. Kg2 Re8 22. Rac1 Be7 23. Qh6 Qd6 24. Rc2 Bf8 25. Qh4 Nh5 26. Rhc1 e4 27. Rc8
exf3+ 28. Kxf3 Rxc8 29. Rxc8 d4 30. Kg2 Qd5+ 31. f3 Bd6 32. Qe1 Qe5 33. Qxe5
Bxe5 34. Ra8 d3 35. Kf1 Bxb2 36. Rxa7 Ke6 37. Rxb7 Be5 38. a4 Kd5 39. a5 Bc3 40.
a6 Kc6 41. Be3 f4 42. Bf2 Ba5 43. Rb3 1-0

[Event "Gibraltar Masters"]
[Site "Caleta ENG"]
[Date "2011.01.29"]
[Round "5.58"]
[White "Kantans, Toms"]
[Black "Sreeves, Clement"]
[Result "0-1"]
[WhiteTitle "FM"]
[WhiteElo "2342"]
[BlackElo "2093"]
[WhiteFideId "11602945"]
[BlackFideId "2402564"]
[EventDate "2011.01.25"]
[EventType "swiss"]

1. e4 c5 2. Nf3 d6 3. d4 cxd4 4. Nxd4 Nf6 5. Nc3 a6 6. Bg5 Nbd7 7. Be2 e6 8. a4
b6 9. Qd2 Bb7 10. f3 Be7 11. g4 h5 12. gxh5 Nxh5 13. Bxe7 Qxe7 14. O-O-O O-O-O
15. a5 b5 16. Ncxb5 axb5 17. a6 Bxa6 18. Qa5 Nc5 19. Bxb5 Bb7 20. b4 Qc7 21. Qa7
Bxe4 22. Qxc7+ Kxc7 23. bxc5 Ba8 24. cxd6+ Rxd6 25. Ba4 Kb6 26. Rd3 Nf4 27. Rb3+
Kc5 28. Rb5+ Kxd4 29. Rd1+ Ke3 30. Rxd6 Kxf3 31. Rb3+ Ke4 32. Rd2 f5 33. Rg3 g6
34. c3 Ke5 35. Re3+ Kf6 36. c4 Rc8 37. Bb5 Be4 38. Kb2 g5 39. h3 Ng6 40. Kb3 Ne5
41. Rd6 Rc7 42. Kb4 Bg2 43. Rg3 Be4 44. c5 f4 45. Ra3 f3 46. Raa6 Bf5 47. Bf1 g4
48. hxg4 Nxg4 49. Bc4 f2 50. Bxe6 Bxe6 51. Rxe6+ Kf7 0-1

[Event "Gibraltar Masters"]
[Site "Caleta ENG"]
[Date "2011.01.29"]
[Round "5.59"]
[White "Tabatt, Hendrik"]
[Black "McKenna, Jason P"]
[Result "0-1"]
[WhiteElo "2342"]
[BlackElo "2062"]
[WhiteFideId "4653572"]
[BlackFideId "403857"]
[EventDate "2011.01.25"]
[EventType "swiss"]

1. d4 g6 2. e4 Bg7 3. Nc3 d6 4. Be2 Nf6 5. Bg5 c5 6. dxc5 Qa5 7. Qd2 Qxc5 8. h4
Nc6 9. f3 a6 10. O-O-O Be6 11. Nh3 Nh5 12. Nd5 Nd4 13. Kb1 Nxe2 14. Qxe2 Ng3 15.
Qe1 Rc8 16. c3 Nxh1 17. Be3 Qb5 18. Qxh1 Bxd5 19. Rxd5 Qe2 20. Bd4 Bxd4 21. Rxd4
Rc5 22. Nf4 Qb5 23. Nd5 e6 24. a4 Qe2 25. Nf4 Qe3 26. Nd3 e5 27. Nxc5 exd4 28.
Nxb7 Qd3+ 29. Ka1 dxc3 30. Qc1 cxb2+ 31. Kxb2 O-O 32. Qc3 Qe2+ 33. Ka3 Qd1 34.
Na5 d5 35. Nc6 Re8 36. e5 d4 37. Nxd4 Rxe5 38. Nb3 Qd6+ 39. Qb4 Qd5 40. Qb6 Re6
41. Qc5 Qd3 42. a5 Re3 43. Qb6 Qc3 44. h5 Qa1+ 45. Kb4 Qe1+ 46. Ka4 Qe2 47. Ka3
Re6 48. Qd8+ Re8 49. Qf6 Qe7+ 50. Qxe7 Rxe7 51. hxg6 fxg6 52. Nc5 h5 53. Kb4 h4
54. Nxa6 Re2 55. Nc5 Rxg2 56. a6 Re2 57. a7 Re8 58. Kb5 h3 59. Ne4 Ra8 60. Kb6
h2 61. Ng3 g5 62. Kb7 Rf8 0-1